[Event "Moscow Rapid-ch 2018"]
[Site "Moscow"]
[Date "2018.12.08"]
[Round "3"]
[White "Tsvetkov, Andrey"]
[Black "Zlotnik, Andrey"]
[Result "1-0"]
[WhiteElo "2338"]
[BlackElo "2092"]
[Annotator "NA"]
[PlyCount "101"]
[EventDate "2018.12.08"]
[EventType "swiss"]
[EventCountry "RUS"]
[SourceTitle "playchess.com"]
[Source "ChessBase"]
[SourceQuality "1"]
[TimeControl "900+10"]

1. d4 {[%emt 0:00:00]} e6 {[%emt 0:00:00]} 2. c4 {[%emt 0:00:00]} c5 {[%emt 0:00:00]} 3. d5 {[%emt 0:00:00]} exd5 {[%emt 0:00:00]} 4. cxd5 {[%emt 0:00:00]} g6 {[%emt 0:00:00]} 5. Nc3 {[%emt 0:00:00]} Bg7 {[%emt 0:00:00]} 6. e4 {[%emt 0:00:00]} d6 {[%emt 0:00:00]} 7. f4 {[%emt 0:00:04]} a6 {[%emt 0:00:08]} 8. Nf3 {[%emt 0:00:11]} Ne7 {[%emt 0:00:07]} 9. a4 {[%emt 0:00:38]} O-O {[%emt 0:00:03]} 10. Be2 {[%emt 0:00:01]} Nd7 {[%emt 0:00:24]} 11. O-O {[%emt 0:00:38]} f5 {[%emt 0:00:16]} 12. Ng5 {[%emt 0:00:29]} Qb6 {[%emt 0:01:20]} 13. Ne6 {[%emt 0:00:15]} Bd4+ {[%emt 0:00:45]} 14. Kh1 {[%emt 0:00:13]} Rf7 {[%emt 0:00:40]} 15. a5 {[%emt 0:01:23]} Qa7 {[%emt 0:00:01]} 16. e5 {[%emt 0:00:14]} dxe5 {[%emt 0:01:01]} 17. d6 {[%emt 0:00:01]} Nc6 {[%emt 0:00:04]} 18. Bc4 {[%emt 0:00:04]} b5 {[%emt 0:01:58]} 19. Bd5 {[%emt 0:02:42]} Nb4 {[%emt 0:00:13]} 20. Bxa8 {[%emt 0:01:10]} Qxa8 {[%emt 0:00:01]} 21. Ng5 {[%emt 0:00:01]} Bb7 {[%emt 0:00:43]} 22. Qe2 {[%emt 0:00:01]} Rf6 {[%emt 0:00:13]} 23. fxe5 {[%emt 0:00:28]} Nxe5 {[%emt 0:00:13]} 24. Bf4 {[%emt 0:00:21]} Nbd3 {[%emt 0:00:45]} 25. Rad1 {[%emt 0:02:32]} b4 {[%emt 0:02:33]} 26. Na4 {[%emt 0:00:19]} h6 {[%emt 0:04:08]} 27. Nh3 {[%emt 0:00:16]} g5 {[%emt 0:01:10]} 28. Nb6 {[%emt 0:00:20]} Bxg2+ {[%emt 0:00:42]} 29. Qxg2 {[%emt 0:00:02]} Qxg2+ {[%emt 0:00:01]} 30. Kxg2 {[%emt 0:00:01]} gxf4 {[%emt 0:00:20]} 31. d7 {[%emt 0:03:17]} Rd6 {[%emt 0:00:01]} 32. Nxf4 {[%emt 0:01:34]} Nxb2 {[%emt 0:00:23]} 33. Rde1 {[%emt 0:00:47]} Nxd7 {[%emt 0:00:13]} 34. Nc8 {[%emt 0:00:01]} Rf6 {[%emt 0:00:26]} 35. Ne7+ {[%emt 0:00:11]} Kh7 {[%emt 0:00:18]} 36. Nfd5 {[%emt 0:00:14]} Rf7 {[%emt 0:00:13]} 37. Nxf5 {[%emt 0:00:37]} Nd3 {[%emt 0:00:22]} 38. Re6 {[%emt 0:00:14]} Bg7 {[%emt 0:00:27]} 39. Rxa6 {[%emt 0:00:53]} c4 {[%emt 0:00:11]} 40. Ra7 {[%emt 0:00:39]} c3 {[%emt 0:00:12]} 41. Nxg7 {[%emt 0:00:41]} Rxg7+ {[%emt 0:00:04]} 42. Kh3 {[%emt 0:00:01]} c2 {[%emt 0:00:53]} 43. Rxd7 {[%emt 0:00:01]} Rxd7 44. Nf6+ Kg6 {[%emt 0:00:03]} 45. Nxd7 {[%emt 0:00:01]} b3 {[%emt 0:00:00]} 46. Nf8+ {[%emt 0:00:34]} Kg7 {[%emt 0:00:30]} 47. Ne6+ {[%emt 0:00:00]} Kg6 {[%emt 0:00:06]} 48. Nd4 {[%emt 0:00:02]} Nf2+ {[%emt 0:00:09]} 49. Kg2 {[%emt 0:00:07]} Nd1 {[%emt 0:00:02]} 50. Nxb3 {[%emt 0:00:03]} Ne3+ {[%emt 0:00:23]} 51. Kf2 {[%emt 0:00:03]} 1-0

[Event "Moscow Rapid-ch 2018"]
[Site "Moscow"]
[Date "2018.12.08"]
[Round "3"]
[White "Dudin, Gleb"]
[Black "Parpiev, Isaak"]
[Result "1-0"]
[WhiteElo "2303"]
[BlackElo "1406"]
[Annotator "NA"]
[PlyCount "59"]
[EventDate "2018.12.08"]
[EventType "swiss"]
[EventCountry "RUS"]
[SourceTitle "playchess.com"]
[Source "ChessBase"]
[SourceQuality "1"]
[TimeControl "900+10"]

1. c4 {[%emt 0:00:00]} Nf6 {[%emt 0:00:00]} 2. Nc3 {[%emt 0:00:00]} g6 {[%emt 0:00:00]} 3. e4 {[%emt 0:00:09]} d6 {[%emt 0:00:00]} 4. d4 {[%emt 0:00:06]} Bg7 {[%emt 0:00:00]} 5. Be2 {[%emt 0:00:03]} O-O {[%emt 0:00:00]} 6. Bg5 {[%emt 0:00:02]} e5 {[%emt 0:00:14]} 7. dxe5 {[%emt 0:00:05]} dxe5 {[%emt 0:00:20]} 8. Qxd8 {[%emt 0:00:05]} Rxd8 {[%emt 0:00:01]} 9. Nd5 {[%emt 0:01:21]} Nxd5 {[%emt 0:04:17]} 10. Bxd8 {[%emt 0:00:07]} Nb4 {[%emt 0:00:03]} 11. Kd2 {[%emt 0:01:52]} N8c6 {[%emt 0:00:40]} 12. Bg5 {[%emt 0:00:08]} f6 {[%emt 0:02:30]} 13. Be3 {[%emt 0:00:09]} Be6 {[%emt 0:00:30]} 14. a3 {[%emt 0:00:40]} Rd8+ {[%emt 0:00:03]} 15. Kc3 {[%emt 0:00:04]} Na6 {[%emt 0:00:56]} 16. b4 {[%emt 0:00:48]} Nd4 {[%emt 0:00:31]} 17. c5 {[%emt 0:00:24]} f5 {[%emt 0:02:14]} 18. Bd3 {[%emt 0:01:10]} f4 {[%emt 0:01:08]} 19. Bxd4 {[%emt 0:00:02]} exd4+ {[%emt 0:00:33]} 20. Kd2 {[%emt 0:00:07]} Nb8 {[%emt 0:00:16]} 21. Nf3 {[%emt 0:00:06]} Nc6 {[%emt 0:00:05]} 22. Rac1 {[%emt 0:00:08]} h6 {[%emt 0:01:53]} 23. h4 {[%emt 0:00:13]} Ne5 {[%emt 0:00:31]} 24. Nxe5 {[%emt 0:00:05]} Bxe5 {[%emt 0:00:01]} 25. Bc4 {[%emt 0:00:03]} Kf7 {[%emt 0:00:03]} 26. Bxe6+ {[%emt 0:00:03]} Kxe6 {[%emt 0:00:01]} 27. b5 {[%emt 0:00:44]} d3 {[%emt 0:00:59]} 28. Rh3 {[%emt 0:00:33]} Rd4 {[%emt 0:01:31]} 29. Rxd3 {[%emt 0:00:06]} Rxe4 {[%emt 0:00:02]} 30. f3 {[%emt 0:01:59]} 1-0

[Event "Moscow Rapid-ch 2018"]
[Site "Moscow"]
[Date "2018.12.08"]
[Round "3"]
[White "Vasilevich, Irina"]
[Black "Vyrtosu, Natalia"]
[Result "0-1"]
[WhiteElo "2258"]
[BlackElo "1952"]
[Annotator "NA"]
[PlyCount "60"]
[EventDate "2018.12.08"]
[EventType "swiss"]
[EventCountry "RUS"]
[SourceTitle "playchess.com"]
[Source "ChessBase"]
[SourceQuality "1"]
[TimeControl "900+10"]

1. c4 Nf6 2. Nc3 c6 3. e4 d5 4. e5 d4 5. exf6 dxc3 6. bxc3 gxf6 7. d4 Qa5 8. Bd2 Na6 9. Bd3 Nc7 10. Qf3 Ne6 11. Ne2 Ng5 12. Qh5 Qa4 13. Bxg5 fxg5 14. Qxg5 Be6 15. Rb1 Qxa2 16. O-O Qa6 17. d5 cxd5 18. cxd5 Qxd3 19. Qe5 Bxd5 20. Nd4 Qe4 21. Qg3 Qg6 22. Qh3 Rg8 23. g3 Bg7 24. Nb5 Be5 25. Rfe1 Be4 26. Rbd1 a6 27. Qd7+ Kf8 28. Nc7 Bc6 29. Qd8+ Rxd8 30. Rxd8+ Kg7 0-1

[Event "Moscow Rapid-ch 2018"]
[Site "Moscow"]
[Date "2018.12.08"]
[Round "3"]
[White "Paramzina, Anastasya"]
[Black "Strutinskaia, Galina"]
[Result "0-1"]
[WhiteElo "2229"]
[BlackElo "2201"]
[Annotator "NA"]
[PlyCount "64"]
[EventDate "2018.12.08"]
[EventType "swiss"]
[EventCountry "RUS"]
[SourceTitle "playchess.com"]
[Source "ChessBase"]
[SourceQuality "1"]
[TimeControl "900+10"]

1. e4 {[%emt 0:00:00]} c5 {[%emt 0:00:00]} 2. Nf3 {[%emt 0:00:00]} Nc6 {[%emt 0:00:00]} 3. Bb5 {[%emt 0:00:18]} d6 {[%emt 0:00:08]} 4. O-O {[%emt 0:00:06]} Bd7 {[%emt 0:00:09]} 5. Re1 {[%emt 0:00:17]} a6 {[%emt 0:00:03]} 6. Bf1 {[%emt 0:00:02]} Bg4 {[%emt 0:00:29]} 7. h3 {[%emt 0:00:14]} Bxf3 {[%emt 0:00:02]} 8. Qxf3 {[%emt 0:00:05]} g6 {[%emt 0:00:01]} 9. c3 {[%emt 0:01:29]} Bg7 {[%emt 0:00:16]} 10. Qg3 {[%emt 0:00:51]} e6 {[%emt 0:00:16]} 11. f4 {[%emt 0:00:11]} Nge7 {[%emt 0:00:04]} 12. d3 {[%emt 0:00:54]} O-O {[%emt 0:00:34]} 13. Nd2 {[%emt 0:00:02]} b5 {[%emt 0:00:05]} 14. Nf3 {[%emt 0:00:14]} d5 {[%emt 0:00:22]} 15. Be3 {[%emt 0:01:29]} d4 {[%emt 0:00:02]} 16. Bd2 {[%emt 0:00:20]} Qb6 {[%emt 0:00:34]} 17. Kh1 {[%emt 0:00:11]} a5 {[%emt 0:00:11]} 18. e5 {[%emt 0:00:35]} a4 {[%emt 0:00:16]} 19. Ng5 {[%emt 0:00:34]} a3 {[%emt 0:01:04]} 20. b3 {[%emt 0:00:25]} dxc3 {[%emt 0:00:13]} 21. Bxc3 {[%emt 0:00:01]} Nd5 {[%emt 0:00:40]} 22. Bd2 {[%emt 0:00:12]} Nd4 {[%emt 0:00:01]} 23. Rac1 {[%emt 0:00:04]} Rac8 {[%emt 0:02:42]} 24. Qh4 {[%emt 0:00:54]} h6 {[%emt 0:00:02]} 25. Ne4 {[%emt 0:00:03]} Rc7 {[%emt 0:00:30]} 26. Qf2 {[%emt 0:00:55]} Rd8 {[%emt 0:00:39]} 27. Nxc5 {[%emt 0:03:36]} Nxf4 {[%emt 0:02:49]} 28. Qxf4 {[%emt 0:00:07]} Rxc5 {[%emt 0:00:02]} 29. Ba5 {[%emt 0:00:08]} Qxa5 {[%emt 0:00:06]} 30. Rxc5 {[%emt 0:01:58]} Qxe1 {[%emt 0:00:04]} 31. Rc7 {[%emt 0:00:02]} Nf5 {[%emt 0:00:25]} 32. g4 {[%emt 0:01:22]} Bxe5 {[%emt 0:00:39]} 0-1

[Event "Moscow Rapid-ch 2018"]
[Site "Moscow"]
[Date "2018.12.08"]
[Round "3"]
[White "Vlasov, Sergey"]
[Black "Yeletsky, Ivan"]
[Result "0-1"]
[WhiteElo "2229"]
[BlackElo "2406"]
[Annotator "NA"]
[PlyCount "46"]
[EventDate "2018.12.08"]
[EventType "swiss"]
[EventCountry "RUS"]
[SourceTitle "playchess.com"]
[Source "ChessBase"]
[SourceQuality "1"]
[TimeControl "900+10"]

1. e4 {[%emt 0:00:00]} c5 {[%emt 0:00:00]} 2. Nf3 {[%emt 0:00:00]} d6 {[%emt 0:00:00]} 3. d4 {[%emt 0:00:00]} cxd4 {[%emt 0:00:00]} 4. Nxd4 {[%emt 0:00:00]} Nf6 {[%emt 0:00:00]} 5. Nc3 {[%emt 0:00:00]} a6 {[%emt 0:00:01]} 6. Bc4 {[%emt 0:00:02]} e6 {[%emt 0:00:03]} 7. O-O {[%emt 0:00:20]} Be7 {[%emt 0:01:09]} 8. Bb3 {[%emt 0:00:21]} O-O {[%emt 0:00:33]} 9. Qf3 {[%emt 0:00:02]} Nbd7 {[%emt 0:00:18]} 10. Qg3 {[%emt 0:00:32]} Nc5 {[%emt 0:00:14]} 11. Bh6 {[%emt 0:01:00]} Ne8 {[%emt 0:00:10]} 12. Rad1 {[%emt 0:00:17]} Bh4 {[%emt 0:00:39]} 13. Qg4 {[%emt 0:03:36]} Nxb3 {[%emt 0:01:22]} 14. Nxb3 {[%emt 0:00:09]} e5 {[%emt 0:00:11]} 15. Qh5 {[%emt 0:00:30]} gxh6 {[%emt 0:00:04]} 16. Nd5 {[%emt 0:02:22]} Bg5 {[%emt 0:00:50]} 17. g3 {[%emt 0:04:43]} Kh8 {[%emt 0:02:39]} 18. h4 {[%emt 0:00:30]} Ng7 {[%emt 0:00:16]} 19. Qe2 {[%emt 0:01:24]} Bxh4 {[%emt 0:01:12]} 20. gxh4 {[%emt 0:00:41]} Rg8 {[%emt 0:00:04]} 21. Rd3 Nh5+ 22. Rg3 Nxg3 23. fxg3 Rxg3+ 0-1

[Event "Moscow Rapid-ch 2018"]
[Site "Moscow"]
[Date "2018.12.08"]
[Round "3"]
[White "Stukan, Martin"]
[Black "Gareyev, Timur"]
[Result "0-1"]
[WhiteElo "2142"]
[BlackElo "2569"]
[Annotator "TA"]
[PlyCount "120"]
[EventDate "2018.12.08"]
[EventType "swiss"]
[EventCountry "RUS"]
[SourceTitle "playchess.com"]
[Source "ChessBase"]
[SourceQuality "1"]

{[%evp 25,120,29,37,25,37,-6,0,0,0,0,0,-46,-36,-48,-19,-31,-35,-44,-34,-58,-56,-46,-35,-36,-38,-37,-34,-97,-95,-87,-96,-82,-80,-68,-56,-46,-47,-72,-39,-31,-29,-54,-13,-58,-8,-20,-41,-68,-8,-8,-8,-8,-8,-8,-8,-8,-8,-363,-8,-555,-555,-555,-555,-555,-555,-555,-555,-12851,-29957,-29963,-29963,-29962,-29965,-29965,-29965,-29961,-29964,-29969,-29971,-29972,-29973,-29973,-29974,-29974,-29975,-29975,-29975,-29973,-29974,-29978,-29979,-29984,-29983,-29984,-29984,-29991,-29992]} 1. d4 f5 2. c4 Nf6 3. Nf3 g6 4. g3 Bg7 5. Bg2 O-O 6. O-O d6 7. Nc3 Qe8 8. d5 c6 9. Nd4 e5 10. dxe6 Bxe6 11. Nxe6 Qxe6 12. Bf4 Qxc4 13. Qxd6 Na6 {[%cal Bb8a6,Ba6c5,Bc5b3][%mdl 32] LiveBook: 20 Games} 14. Qa3 {[#] A88: Dutch Defence: Leningrad System: 5 Nf3 0-0 6 0-0 d6 7 Nc3 c6} (14. Rad1 Rfe8 15. Rfe1 Qb4 16. Qd2 Nc5 17. Qc2 Nce4 18. Nxe4 Nxe4 19. a3 Qxb2 20. Qc4+ Kh8 21. Rd7 Nf6 {1-0 (31) Socko,B (2617)-Berelowitsch,A (2521) Germany 2016}) 14... Rfe8 $146 ({Predecessor:} 14... Rfd8 15. Rad1 Qb4 16. Qxb4 Nxb4 17. Bd6 Na6 18. Rfe1 Rd7 19. Bf4 Nb4 20. Rxd7 Nxd7 21. Rc1 Nb6 {½-½ (64) Gligoric,S (2445)-Tseshkovsky,V (2510) Cetinje 1992}) 15. Qb3 Qxb3 16. axb3 {The position is equal.} Nc5 17. Be3 Nxb3 18. Rxa7 (18. Ra3 $5 {[%cal Ra3b3]} Rxe3 19. fxe3 $11) 18... Rxa7 19. Bxa7 Rd8 20. Rd1 Rxd1+ 21. Nxd1 Kf7 22. Nc3 Ke6 23. Kf1 $1 Nd5 24. Bxd5+ cxd5 $15 {[%cal Bc6d5,Bd5d4][%mdl 4128] Endgame KBN-KBN} 25. Ke1 d4 26. Nd1 (26. Nb5 $15) 26... Bf8 $17 27. f3 Bb4+ 28. Kf1 Kd5 29. Nf2 Nd2+ 30. Kg2 Nc4 31. Nd3 Bd2 (31... Bd6 $5 {[%cal Rb7b6]} 32. Kf2 b5 $15) 32. Kf2 b5 33. Bb8 g5 34. h4 h6 35. hxg5 hxg5 36. Bc7 b4 (36... Ne3 $15) 37. b3 $11 Ne3 38. Ba5 Nc2 39. g4 fxg4 40. fxg4 Ke4 41. Kg2 $2 {[%mdl 8192] [#]} (41. Bd8 $11 {and White is okay.}) 41... Ne3+ $2 ({Black should play} 41... Ne1+ $19 42. Nxe1 Bxe1) 42. Kh3 $2 {[%mdl 8192]} (42. Kg3 $11) 42... Nd5 $19 43. Kg2 Nf4+ 44. Nxf4 Kxf4 {KB-KB} 45. Bb6 Bc3 46. Bc7+ Ke3 47. Kf1 {Black mates.} Kd2 48. Bd8 Kc2 49. Bxg5 Kxb3 50. Be7 Kc2 51. g5 b3 52. Ba3 {[#]} Bb4 $1 {[%mdl 512]} 53. g6 (53. Bxb4 b2) 53... Bxa3 {KB-KPP} 54. g7 b2 55. g8=Q b1=Q+ 56. Kf2 Qb3 57. Qc8+ Kd2 58. Qg4 Bc5 59. Kg2 Qe3 60. Kf1 d3 {Accuracy: White = 38%, Black = 67%.} 0-1

[Event "Moscow Rapid-ch 2018"]
[Site "Moscow"]
[Date "2018.12.08"]
[Round "3"]
[White "Martynyuk, Elizaveta"]
[Black "Utiatskaja, Irina"]
[Result "1-0"]
[WhiteElo "2128"]
[BlackElo "2246"]
[Annotator "NA"]
[PlyCount "61"]
[EventDate "2018.12.08"]
[EventType "swiss"]
[EventCountry "RUS"]
[SourceTitle "playchess.com"]
[Source "ChessBase"]
[SourceQuality "1"]
[TimeControl "900+10"]

1. e4 {[%emt 0:00:12]} c5 {[%emt 0:00:00]} 2. Nf3 {[%emt 0:00:03]} d6 {[%emt 0:00:00]} 3. d4 {[%emt 0:00:01]} cxd4 {[%emt 0:00:00]} 4. Nxd4 {[%emt 0:00:02]} Nf6 {[%emt 0:00:00]} 5. Nc3 {[%emt 0:00:02]} a6 {[%emt 0:00:00]} 6. Be3 {[%emt 0:00:02]} e6 {[%emt 0:00:03]} 7. f3 {[%emt 0:00:04]} Nbd7 {[%emt 0:00:10]} 8. Qd2 {[%emt 0:00:02]} b5 {[%emt 0:00:01]} 9. g4 {[%emt 0:00:04]} Nb6 {[%emt 0:00:22]} 10. Qf2 {[%emt 0:00:52]} Nfd7 {[%emt 0:00:02]} 11. a3 {[%emt 0:00:11]} Bb7 {[%emt 0:00:02]} 12. h4 {[%emt 0:00:06]} Rc8 {[%emt 0:00:10]} 13. g5 {[%emt 0:00:05]} Be7 {[%emt 0:01:32]} 14. Nb3 {[%emt 0:00:55]} Rxc3 {[%emt 0:00:34]} 15. bxc3 {[%emt 0:00:03]} Qc7 {[%emt 0:00:01]} 16. Bd2 {[%emt 0:02:47]} d5 {[%emt 0:03:33]} 17. exd5 {[%emt 0:00:45]} Nxd5 {[%emt 0:00:23]} 18. Bd3 {[%emt 0:01:09]} Nxc3 {[%emt 0:01:51]} 19. Qd4 {[%emt 0:00:28]} Qg3+ {[%emt 0:01:11]} 20. Qf2 {[%emt 0:00:06]} Qe5+ {[%emt 0:01:25]} 21. Qe3 {[%emt 0:00:22]} Qxe3+ {[%emt 0:00:56]} 22. Bxe3 {[%emt 0:00:03]} Ne5 {[%emt 0:01:28]} 23. Nd2 {[%emt 0:00:32]} Nxf3+ {[%emt 0:00:41]} 24. Nxf3 {[%emt 0:00:07]} Bxf3 {[%emt 0:00:02]} 25. Rf1 {[%emt 0:00:18]} Bh5 {[%emt 0:00:37]} 26. Bd4 {[%emt 0:00:17]} Nd5 {[%emt 0:00:01]} 27. Bxg7 {[%emt 0:00:15]} Rg8 {[%emt 0:00:01]} 28. Bd4 {[%emt 0:00:39]} f5 {[%emt 0:01:41]} 29. gxf6 {[%emt 0:02:04]} Bd6 {[%emt 0:00:00]} 30. Be2 {[%emt 0:00:36]} Bxe2 {[%emt 0:00:25]} 31. f7+ {[%emt 0:00:07]} 1-0

[Event "Moscow Rapid-ch 2018"]
[Site "Moscow"]
[Date "2018.12.08"]
[Round "3"]
[White "Kanevskaya, Anna"]
[Black "Afanasieva, Alexandra"]
[Result "1-0"]
[WhiteElo "2105"]
[BlackElo "1973"]
[Annotator "NA"]
[PlyCount "107"]
[EventDate "2018.12.08"]
[EventType "swiss"]
[EventCountry "RUS"]
[SourceTitle "playchess.com"]
[Source "ChessBase"]
[SourceQuality "1"]
[TimeControl "900+10"]

1. d4 {[%emt 0:00:00]} Nf6 {[%emt 0:00:00]} 2. Nf3 {[%emt 0:00:00]} e6 {[%emt 0:00:00]} 3. c4 {[%emt 0:00:06]} Bb4+ {[%emt 0:00:01]} 4. Bd2 {[%emt 0:00:05]} a5 {[%emt 0:00:01]} 5. Nc3 {[%emt 0:00:53]} d6 {[%emt 0:01:25]} 6. g3 {[%emt 0:00:07]} b6 {[%emt 0:01:00]} 7. Bg2 {[%emt 0:00:08]} Bb7 {[%emt 0:00:05]} 8. O-O {[%emt 0:00:19]} Nbd7 {[%emt 0:01:24]} 9. Qc2 {[%emt 0:00:15]} O-O {[%emt 0:01:58]} 10. b3 {[%emt 0:00:17]} Bxc3 {[%emt 0:02:28]} 11. Bxc3 {[%emt 0:00:02]} Ne4 {[%emt 0:00:49]} 12. Bb2 {[%emt 0:00:46]} f5 {[%emt 0:00:11]} 13. Rad1 {[%emt 0:00:39]} Qe7 {[%emt 0:00:28]} 14. Ne1 {[%emt 0:00:13]} Rab8 {[%emt 0:01:05]} 15. Nd3 {[%emt 0:00:24]} c5 {[%emt 0:04:30]} 16. f3 {[%emt 0:00:56]} Nef6 {[%emt 0:00:04]} 17. Qd2 {[%emt 0:00:38]} Rbd8 {[%emt 0:00:37]} 18. Ne1 {[%emt 0:00:50]} Nb8 {[%emt 0:00:41]} 19. Nc2 {[%emt 0:00:16]} Nc6 {[%emt 0:00:13]} 20. e3 {[%emt 0:03:24]} e5 {[%emt 0:00:19]} 21. a3 {[%emt 0:00:36]} e4 {[%emt 0:00:10]} 22. f4 {[%emt 0:00:17]} Qf7 {[%emt 0:00:29]} 23. d5 {[%emt 0:00:31]} Ne7 {[%emt 0:00:26]} 24. b4 {[%emt 0:00:02]} axb4 {[%emt 0:00:02]} 25. axb4 {[%emt 0:00:02]} Ra8 {[%emt 0:00:01]} 26. Ra1 {[%emt 0:00:07]} Rfc8 {[%emt 0:00:08]} 27. Rfb1 {[%emt 0:00:43]} Qf8 {[%emt 0:00:10]} 28. Bf1 {[%emt 0:00:35]} Rxa1 {[%emt 0:00:04]} 29. Bxa1 {[%emt 0:00:18]} Rb8 {[%emt 0:00:30]} 30. Qc3 {[%emt 0:00:43]} Qd8 {[%emt 0:00:21]} 31. Qa3 {[%emt 0:01:16]} Ra8 {[%emt 0:00:04]} 32. Qb2 {[%emt 0:00:04]} Bc8 {[%emt 0:00:04]} 33. Be2 {[%emt 0:01:35]} Bd7 {[%emt 0:00:09]} 34. h3 {[%emt 0:00:07]} Qf8 {[%emt 0:00:20]} 35. Kf2 {[%emt 0:00:19]} Rc8 {[%emt 0:00:12]} 36. Rg1 {[%emt 0:00:10]} Ne8 {[%emt 0:00:17]} 37. g4 {[%emt 0:00:36]} Nf6 {[%emt 0:00:04]} 38. g5 {[%emt 0:01:15]} Ne8 {[%emt 0:00:01]} 39. h4 {[%emt 0:00:02]} Kf7 {[%emt 0:00:12]} 40. h5 {[%emt 0:00:30]} Ra8 {[%emt 0:00:23]} 41. g6+ {[%emt 0:00:48]} hxg6 {[%emt 0:00:05]} 42. hxg6+ {[%emt 0:00:03]} Kg8 {[%emt 0:00:01]} 43. Rg3 {[%emt 0:00:37]} Nf6 {[%emt 0:00:09]} 44. Rg5 {[%emt 0:00:25]} Ng4+ {[%emt 0:00:24]} 45. Bxg4 {[%emt 0:00:20]} fxg4 {[%emt 0:00:01]} 46. Qc1 {[%emt 0:00:01]} Bf5 {[%emt 0:00:08]} 47. Qh1 {[%emt 0:00:13]} Nxg6 {[%emt 0:00:23]} 48. Qh5 {[%emt 0:00:06]} Rxa1 {[%emt 0:00:09]} 49. Rxf5 {[%emt 0:00:11]} Qa8 {[%emt 0:00:11]} 50. Nxa1 {[%emt 0:00:07]} Qxa1 {[%emt 0:00:04]} 51. Qxg6 {[%emt 0:00:04]} g3+ {[%emt 0:00:10]} 52. Kg2 {[%emt 0:00:18]} Qb2+ {[%emt 0:00:05]} 53. Kxg3 {[%emt 0:00:04]} cxb4 {[%emt 0:00:21]} 54. Qf7+ {[%emt 0:00:02]} 1-0

[Event "Moscow Rapid-ch 2018"]
[Site "Moscow"]
[Date "2018.12.08"]
[Round "3"]
[White "Usov, Aleksandr E."]
[Black "Chudinovskikh, Alexander M"]
[Result "1-0"]
[WhiteElo "1593"]
[BlackElo "2184"]
[Annotator "NA"]
[PlyCount "83"]
[EventDate "2018.12.08"]
[EventType "swiss"]
[EventCountry "RUS"]
[SourceTitle "playchess.com"]
[Source "ChessBase"]
[SourceQuality "1"]
[TimeControl "900+10"]

1. d4 {[%emt 0:00:00]} Nf6 {[%emt 0:00:00]} 2. Nf3 {[%emt 0:00:00]} c5 {[%emt 0:00:00]} 3. d5 {[%emt 0:00:03]} e6 {[%emt 0:00:00]} 4. c4 {[%emt 0:00:01]} exd5 {[%emt 0:00:00]} 5. cxd5 {[%emt 0:00:02]} d6 {[%emt 0:00:00]} 6. Nc3 {[%emt 0:00:02]} g6 {[%emt 0:00:00]} 7. e4 {[%emt 0:00:01]} a6 {[%emt 0:00:00]} 8. Be2 {[%emt 0:00:04]} Bg7 {[%emt 0:00:01]} 9. O-O {[%emt 0:00:03]} O-O {[%emt 0:00:12]} 10. Nd2 {[%emt 0:00:02]} b5 {[%emt 0:00:00]} 11. f4 {[%emt 0:00:03]} Nbd7 {[%emt 0:00:08]} 12. Nf3 {[%emt 0:00:15]} b4 {[%emt 0:00:07]} 13. e5 {[%emt 0:00:36]} dxe5 {[%emt 0:00:36]} 14. fxe5 {[%emt 0:00:09]} bxc3 {[%emt 0:00:08]} 15. exf6 {[%emt 0:00:08]} Nxf6 {[%emt 0:00:06]} 16. bxc3 {[%emt 0:00:05]} Nxd5 {[%emt 0:00:12]} 17. Bg5 {[%emt 0:02:03]} f6 {[%emt 0:00:04]} 18. Bh4 {[%emt 0:00:26]} Be6 {[%emt 0:00:40]} 19. Bc4 {[%emt 0:02:07]} Bf7 {[%emt 0:00:17]} 20. Ne5 {[%emt 0:00:57]} Ne3 {[%emt 0:03:18]} 21. Qxd8 {[%emt 0:05:28]} Raxd8 {[%emt 0:00:08]} 22. Nxf7 {[%emt 0:00:12]} Rxf7 {[%emt 0:00:34]} 23. Bxf7+ {[%emt 0:00:05]} Kxf7 {[%emt 0:00:01]} 24. Rf3 {[%emt 0:01:46]} Nf5 {[%emt 0:00:33]} 25. Bf2 {[%emt 0:00:02]} Bf8 {[%emt 0:02:28]} 26. g4 {[%emt 0:00:51]} Ng7 {[%emt 0:00:03]} 27. Bh4 {[%emt 0:00:23]} Rd6 {[%emt 0:00:53]} 28. Rb1 {[%emt 0:00:24]} Be7 {[%emt 0:01:22]} 29. Rb7 {[%emt 0:00:22]} Re6 {[%emt 0:01:12]} 30. c4 {[%emt 0:00:27]} Ne8 {[%emt 0:01:40]} 31. Bg3 {[%emt 0:00:38]} Re4 {[%emt 0:01:06]} 32. h3 {[%emt 0:00:45]} h5 {[%emt 0:01:59]} 33. gxh5 {[%emt 0:00:13]} gxh5 {[%emt 0:00:02]} 34. Rd3 {[%emt 0:00:43]} f5 {[%emt 0:01:24]} 35. Bf2 {[%emt 0:00:25]} Kg6 {[%emt 0:01:01]} 36. Rb6+ {[%emt 0:00:36]} Kg5 {[%emt 0:00:10]} 37. Rg3+ {[%emt 0:00:18]} Kf4 {[%emt 0:00:03]} 38. Kg2 {[%emt 0:00:01]} Nf6 {[%emt 0:00:33]} 39. Rg7 {[%emt 0:00:25]} Re2 {[%emt 0:00:11]} 40. Kf1 {[%emt 0:00:03]} Re4 {[%emt 0:00:10]} 41. Rb3 {[%emt 0:00:08]} Ne8 {[%emt 0:00:13]} 42. Bg3# {[%emt 0:00:05]} 1-0